00333 2200145 4500001002100000005001500021035002000036245003200056100001700088300001100105260003700116082000800153084001400161990001200175INLIS00000000000188220250519074649 a0010-05250001741 aAtlas Dunia /cTim Penyusun0 aTim Penyusun a92 hlm aJakarta :bCV. Buana Raya,c2018 a900 a900 TIM a a0754835